Statistics for Labyrinth lyrics

Click here to take the quiz!

General Stats

  • This quiz has been taken 41 times
  • The average score is 221 of 254

Answer Stats

Lyrics% Correct
I
100%
labyrinth
100%
You
100%
you
100%
a
96%
fallin'
96%
I'm
96%
in,
96%
in
96%
"It
96%
It
96%
it
96%
love
96%
no,
96%
Oh,
96%
Oh
96%
oh,
96%
the
96%
Was
96%
was
96%
again
92%
down
92%
out
92%
thought
92%
around?
88%
goin'
88%
how
88%
know
88%
me
88%
my
88%
of
88%
that
88%
this
88%
to
88%
your
88%
breathe
83%
Breathe
83%
last
83%
Lost
83%
much
83%
now
83%
now"
83%
plane
83%
right
83%
time
83%
How'd
79%
hurts
79%
mind
79%
only
79%
thinkin'
79%
through,
79%
turn
79%
whole
79%
would
79%
be
75%
just
75%
Just
75%
life
75%
what
75%
back
71%
deep,
71%
like
71%
am
67%
can't
67%
feels
67%
I'll
67%
Never
67%
Break
63%
break
63%
elevators
63%
hate
63%
make
63%
over
63%
scared
63%
smile
63%
Uh
63%
bounce
58%
everybody
58%
expects
58%
free,
58%
gettin'
58%
raw
58%
trust
58%
Uh
58%
up,
58%
fast,
54%
rises
54%
is
50%

Score Distribution

Percentile by Number Answered

Percent of People with Each Score

Your Score History

You have not taken this quiz